| 000 | 01303ngm a22003850a 4500 | ||
|---|---|---|---|
| 001 | PT16703 | ||
| 003 | AR-LpoUNG | ||
| 005 | 20210202000232.0 | ||
| 007 | vd cvaizq | ||
| 008 | 191001ss. f||||ag |||||||||||||||||spa d | ||
| 037 | _c$9.98 | ||
| 040 |
_aAR-LpoUNG _bspa _cAR-LpoUNG _eaacr |
||
| 041 | _aspa | ||
| 044 | _aag | ||
| 082 | 0 | _a982.061 652dec | |
| 100 | 1 |
_aVidela, Luis _edir. |
|
| 245 | 1 | 3 |
_aLa década infame : _bel retorno del fraude |
| 260 |
_aBuenos Aires : _bVisual Ediciones Argentina, _cs. f.. |
||
| 300 | _aVHS (50 min.) : son., byn, col. | ||
| 505 | 0 | _aPara EGB 2º, 3º nivel ciclo Polimodal - Terciario | |
| 520 | _aHechos históricos ocurridos en la década del '30. Gobierno de Agustín P. Justo; Crisis económica mundial; Muerte de Carlos Gardel; Carlos Saavedra Lamas fue nombrado premio Nobel de la Paz. | ||
| 650 | 4 | _aARGENTINA | |
| 650 | 4 | _aASPECTOS POLITICOS | |
| 650 | 4 | _aELECCIONES | |
| 650 | 4 | _aHISTORIA SOCIAL | |
| 650 | 4 | _aSISTEMAS ELECTORALES | |
| 650 | 4 | _aVOTACION | |
| 653 | _aVIDEOS | ||
| 653 | _aVIDEOS DIDACTICOS | ||
| 710 | 2 | _aArchivo General de la Nación (Argentina) | |
| 710 | 2 | _aHistoria Canal Satelital (firma comercial) | |
| 710 | 2 | _aVideo Saber Conocimiento Audiovisual (firma comercial) | |
| 905 | _a16703 | ||
| 942 | _cVIDEO | ||
| 999 |
_c54397 _d54397 |
||